000 00695nam a22002417a 4500
005 20170124105959.0
010 _a738400
020 _c16.00
035 _a738400
037 _bCen Lib/Ret
040 _aDPL
_bEN
082 _a352
_bNIG
100 _aNigam, S. R
_915238
245 _aLocal government :
_cby S. R. Nigam
_bEngland, France, U. S. A. ,U. S. S. R. , and India /
250 _a2nd ed
260 _aNew Delhi
_bS. Chand and Co
_c1975
270 _aRam Nagar
_bNew Delhi
_e110001
300 _axi, 252p. :
_c21cm(Hb)
_bill
500 _aIncludes index
650 _aPublic contracts
_915239
650 _aUnited States
_9112602
942 _2ddc
_cEN
_h352
_mNIG
999 _c125705
_d125705